[Event "Sanjin Hotel Cup"]
[Site "Taiyuan CHN"]
[Date "2004.07.20"]
[Round "4"]
[White "Short, N."]
[Black "Bu Xiangzhi"]
[Result "1/2-1/2"]
[WhiteElo "2684"]
[BlackElo "2620"]
[Annotator "GM Mikhail Golubev"]
[PlyCount "67"]
[EventDate "2004.07.17"]
[Source "Chess Today"]
[SourceDate "2004.07.21"]

1. e4 c5 2. Nf3 d6 3. d4 cxd4 4. Nxd4 Nf6 5. Nc3 g6 6. Be3 Bg7 7. f3 Nc6
8. Qd2 O-O 9. g4
{Atualmente, apenas alguns jogadores entre os 100 melhores da FIDE
sao valentes o suficiente para jogar a Siciliana Dragao, por isso nem sempre
as brancas estao bem preparadas para essa linha. Short opta por um lance que
ele usou em varias ocasioes 20 anos atras. A moderna teoria considera 9.Bc4 e
9.0-0-0 como os mais perigosos para as pretas.}
9... Bd7
{Provavelmente Bu
Xiangzhi preparou as arriscadas linhas com 9...Bd7 para enfrentar 9.0-0-0, por
isso agora ele transpoe para esta preparacao. Apos 9.g4, 9...Be6 ou 9...Cxd4
10.Bxd4 Be6 e considerado o mais forte.}
10. h4 Ne5 11. h5 Rc8 12. O-O-O Qa5 13. Nb3 ({O tranqueilo} 13. Kb1
{
praticamente forca as pretas a iniciar os sacrificios por meio de}
13... Nxf3 $1 {mas as coisas ainda estao bastante confusas aqui}) (
{a continuacao} 13. hxg6 fxg6 14. Kb1
{(como na partida Baramidze-Stellwagen, Maastricht
2004) e jogavel, mas o prematuro ...hxg6 pode ser considerado como uma
concessao por parte das brancas: as pretas ficam com a possibilidade de
proteger o seu Peao h7 com ...Tf7}) (
{a linha} 13. Be2 b5 14. Nb3 Qc7 {transpoe para a partida.}) 13... Qc7 14. Be2
b5 $1 15. Kb1 $1 ({
Novamente era prematuro} 15. hxg6 fxg6 {. Apos} 16. Kb1 $2
b4 17. Nd5 Nxd5 {(Morozevich-Fedorov, Krasnodar 1997)} 18. exd5
{
as brancas perdem um Peao:} 18... Nxf3) ({o lance} 15. g5 $5 Nxh5 16. Nd5
{foi testado em poucas partidas - provavelmente com chances iguais.}) 15... b4 (
{Dificilmente resolve os problemas pretos} 15... Nc4 16. Bxc4 bxc4 17. Nd4
{
Palac-Lalic, Croatia 2000}) 16. Nd5 Nxd5 17. exd5 a5 (
{Outros lances ja
foram tentados, mas com resultados nada favoraveis as pretas. Por exemplo,} 
17... f5 18. hxg6 hxg6 19. Bh6
{com forte iniciativa branca, ocorreu na
partida Fressinet-Polzin, Bundesliga 2001/2.})
18. Bh6 $2 (
{
Um erro de calculo. Era muito melhor preparar este lance jogando primeiro} 
18. Nd4 $1 {, e as pretas enfrentam problemas.} 18... Nc4 (18... a4 19. Bh6 $1)
19. Bxc4 Qxc4 20. Bh6 $1 (20. hxg6 fxg6 21. Qh2
{
permite que as pretas se defendam com} 21... h6 $1 22. Bxh6 Bxd4 23. Rxd4
Qxd4 24. Be3 Qg7 25. Bd4 Rf6 26. g5 Bf5
{
; as brancas podem tentar 23.b3!?, mas isto nao muda muito}) 20... Bxd4
{
e aqui 21.Dxd4 consegue apenas uma pequena vantagem, mas} 21. Bxf8 $5
{
parece promissor para as brancas: nao esta claro como as pretas podemconseguir 
compensacao suficiente pela qualidade.}
21... Bc3 (21... Bf6 22. Bh6) 22. Qd3 $1
{, etc. Provavelmente serao necessarias analises adicionais.}) 18... Bxh6
19. Qxh6 Qxc2+ 20. Ka1 Qxe2 $1
{
Nao permitindo que as brancas armem um ataque ganhador.} 21. hxg6 $146 (
{
Somente agora Short desvia da partida Sax-Cebalo, Croatia 2002 que seguiu} 
21. Nd4 Nxg4 $1 22. fxg4 Qe5 ({era ainda mais forte} 22... Qe4 $1) 23. hxg6 Qg7
24. gxh7+ Kh8 {sem problemas para as pretas.}) 21... Qxd1+ 22. Rxd1 fxg6
{
Agora as pretas possuem compensacao mais do que suficiente pela Dama.}
23. Nd4 Rf7 {Naturalmente nao 23...Cxf3?? 24.Th1.} 24. Rh1 ({Ou} 24. Qe3 Rcf8 (
24... Rc5 25. Qe4) 25. g5 Nxf3 26. Nxf3 Bg4 $1 $15) 24... Rc5 25. Ne6 Rxd5
26. Ng5 Rg7 27. Qh4 ({Apos o natural} 27. Nxh7 {e possivel} 27... Nf7 $1
{- o Cavalo branco ficou preso e as pretas estao melhores.} ({
Menos forte e} 
27... Nxf3 {por causa de} 28. Nf8 $1 Kxf8 29. Qf4+ Kg8 30. Qxf3)) 27... Nf7 (
{Uma das alternativas era} 27... Rc5 $5) 28. Ne4 $1 Re5 29. Rc1 h6 (
{As pretas nao querem expor a posicao de seu Rei com} 29... h5 $5 30. gxh5 (
30. Rc7 $2 Bxg4 $1) 30... gxh5
{
, mas agora as brancas conseguem um contra jogo concreto:}) 30. Rc7 $1 d5
31. Nc5 Bb5 32. a4 bxa3 33. bxa3 d4 34. Nd7 ({Se} 34. a4 {, entao} 34... d3 $1) (
{apos} 34. Nd7 {os jogadores concordaram com o empate. Seguindo} 34... Bxd7
35. Rxd7 Re3 36. Rxd4 Rxa3+ 37. Kb2 Rxf3 38. Qxe7
{nao ha muitas chances de
ganho para nenhum dos lados  - especialmente para as brancas.})
1/2-1/2

[Event "Internacional de Biel"]
[Site "Biel SUI"]
[Date "2004.07.21"]
[Round "3"]
[White "Bacrot, E."]
[Black "McShane, L."]
[Result "1-0"]
[WhiteElo "2712"]
[BlackElo "2643"]
[Annotator "MI Vladimir Barsky"]
[PlyCount "55"]
[EventDate "2004.07.19"]

1. d4 Nf6 2. c4 g6 3. Nc3 d5 4. cxd5 Nxd5 5. e4 Nxc3 6. bxc3 Bg7 7. Nf3 c5
8. Rb1 O-O 9. Be2 cxd4 10. cxd4 Qa5+ 11. Bd2
{Uma linha muito aguda da Defesa
Grunfeld. As brancas sacrificam um Peao, mas criam uma pressao bastante forte
no centro e na ala da dama. Alem disso, a Dama preta sempre estara em perigo
em a2.}
11... Qxa2 12. O-O Bg4 13. Bg5
{
Em uma das partidas anteriores de McShane foi jogado o seguinte:} (13. Be3
Nc6 14. d5 Bxf3 15. Bxf3 Ne5 16. Be2 Nc4 17. Bg5 Rfb8 18. Bxc4 Qxc4 19. Bxe7 b5
$132 {Comas Fabrego,L-McShane,L/4_| IECC, Istambul TUR 2003}) 13... h6 14. Be3
Nc6 15. d5 Rfd8 16. Rxb7 e6 17. Rc7 Bxf3 18. Bxf3
{Este lance, que parece
muito logico, e uma novidade teorica de acordo com meu banco de dados. Vejamos
algumas das partidas anteriores:} (
18. gxf3 Nb4 (18... Ne5 19. f4 Nd7 20. Rc2 Qa4 21. dxe6 fxe6 22. Rd2 Qc6 23. e5
Qc7 24. Qb3 $16 {
Handke,F-Wltschek,C/Regensburg 1998}) 19. Bc4 Qb2 20. Rxa7
Rxa7 21. Bxa7 exd5 22. exd5 Qe5 $132 {Van Wely,L-Ivanchuk,V/Frankfurt 2000})
18... Ne5 19. d6 Bf8 $6 {O momento chave da partida. Naturalmente, em caso de} (
19... Nxf3+ $2 20. Qxf3 e5 21. Rd1 $16
{as brancas possuem obvia vantagem: um forte
Peao passado e um melhor posicionamento de suas pecas}) (
{na minha opiniao,
antes de tudo, as pretas precisam melhorar a posicao de sua Dama:} 
19... Qa3 $5 {por exemplo:} 20. Bc5 (20. d7 Qa5 21. Rb7 Qa6 22. Rc7 Qa5 $11)
20... Nxf3+ 21. gxf3 Qc3 $132) ({o computador sugere} 19... a5 $5
{
mas isto parece muito arriscado.}) 20. Bc5 Qa5 21. Be2 Rac8 ({Ou} 21... Rd7
22. Qa1 $1 Qxa1 23. Rxa1 Rxc7 24. dxc7 Bxc5 25. Rc1 Bb6 26. c8=Q+ Rxc8
27. Rxc8+ Kg7 28. Kf1 $16) 22. Qa1 $1
{Ou as pretas nao viram ou subestimaram este
lance. O final sera muito dificil para elas.}
22... Qxa1 23. Rxa1 Rxc7 ({
Talvez fosse mais teimoso} 23... Nd7 24. Ba6 Ra8
25. Ba3 $16) 24. dxc7 Rc8 25. Bxf8 Kxf8 26. Rc1 $18 Ke7 27. Ba6 Kd7 28. Rd1+
{
As pretas abandonaram em vista de:} (28. Rd1+ Kxc7 29. Rc1+ Nc6 30. Bxc8 $18)
1-0

[Event "It"]
[Site "Biel SUI"]
[Date "2004.07.28"]
[Round "9"]
[White "Pelletier, Y."]
[Black "Morozevich, A."]
[Result "0-1"]
[WhiteElo "2597"]
[BlackElo "2743"]
[Annotator "Vladimir Barsky"]
[PlyCount "79"]
[EventDate "2004.07.19"]

1. e4 e6 2. d4 d5 3. Nc3 dxe4 4. Nxe4 Nd7 5. Nf3 Ngf6 6. Bd3 c5
{
No primeiro encontro do ciclo de ida e volta, Morozevich e Pelletier jogaram
essa mesma linha (com as cores invertidas, naturalmente).}
7. Nxf6+ (7. O-O Nxe4 8. Bxe4 Nf6 9. Bg5 cxd4 10. Nxd4 Be7 11. Bf3 O-O 12. c4
Qc7 13. Qc1 a6 14. Re1 e5 $1 $11 {Morozevich,A-Pelletier,Y/It, Biel SUI 2004})
7... Nxf6 8. dxc5 Bxc5 9. Qe2 O-O 10. Bg5 (10. Bd2 e5 11. O-O-O e4 12. Bxe4 Qe7
13. Rhe1 Qe6 14. a3 Nxe4 15. Qxe4 Bxf2 16. Re2 Qxe4 17. Rxe4 $11
{
Ivanchuk,V-Anand,V/Moscou 2001}) 10... h6 11. h4 ({Uma alternativa e} 
11. Bh4 {
por exemplo:} 11... Qa5+ 12. Kf1 Be7 13. g4 Rd8 14. g5 hxg5 15. Bxg5
e5 16. h4 e4 $5 $132 {Grischuk,A-Gaprindashvili,V/Ubeda 1999}) 11... Qa5+
12. Bd2 Qb6 13. O-O-O
{
Um lance bastante ambicioso. O jovem Ponomariov fez um lance mais preciso aqui:
} (
13. O-O e5 14. Nxe5 Re8 15. Nc4 Qd8 16. Qf3 Bg4 17. Qxb7 Rb8 18. Qa6 Ne4
19. Be3 Bf3 20. gxf3 Qxh4 21. Bxe4 Rxe4 22. fxe4 Qg4+ 23. Kh2
{
1/2-1/2 Ponomariov,R-Speelman,J/Pamplona 1996}) 13... e5 $1
{Uma novidade
muito interessante e logica. As pretas sacrificam um Peao para desenvolver o
Bispo de c8 e ativar as Torres. E tambem, agora nao esta facil para as brancas
iniciarem uma ofensiva de Peoes na ala do rei.} (
{O normal era} 13... Ng4 14. Rdf1 Nxf2 15. Rxf2 Bxf2 16. g4 e5 17. g5 h5
18. Rf1 Bg3 19. Nxe5 Bxe5 20. Qxe5 Qe6 21. Qd4 $36
{Sermek,D-Golubovic,B/Medulin 1997}) 14. Nxe5 $6
{
Um lance logico, mas arriscado. Eu creio que ate mesmo inferior era} (
14. Qxe5 $6 Re8 15. Qf4 Be6) ({mas apos} 14. Bc3 $11 {a posicao se iguala.})
14... Re8 15. Nc4 $6 (15. f4 $2 Bg4 $17) (15. Bf4 $5 Be6 $5 $44) 15... Qa6 $17
{Agora as pretas recuperam o Peao e conseguem grande vantagem.} 16. Qf3 Bg4
17. Qg3 Qxa2 18. Bc3 Ne4 $1
{
O alvo desta combinacao - simplificar a posicao e obter um final superior.}
19. Bxe4 Rxe4 ({Mas nao} 19... Qa1+ 20. Kd2 Rad8+ 21. Nd6 $8 (21. Bd3 $2 Re2#)
21... Qa4 22. Kc1 (22. Qxg4 Rxd6+ $19) 22... Rxe4 23. Kb1 Bxd6 24. Rxd6 $11)
20. Nd2 {Novamente o unico lance.} ({Se} 20. b3 Rxc4 21. bxc4 Ba3+ 22. Kd2 Rd8+
23. Ke3 Bc5+ $19) 20... Rd4 (
{
As pretas possuem uma interessante alternativa aqui:} 20... Qa1+ 21. Nb1 Rc8
$17) 21. Bxd4 ({Talvez fosse melhor} 21. Rdf1) 21... Bxd4 22. Qb3 ({Ou} 22. Qa3
Qxa3 23. bxa3 Bxd1 24. Rxd1 Bxf2 $17) 22... Qa1+ 23. Nb1 Bxd1 24. Rxd1 Bxf2
{As pretas ganharam um Peao e possuem mais pecas ativas.} 25. Rd7 (25. Rf1 Bxh4
26. Qxf7+ Kh8 27. c3 Bg5+ 28. Kc2 Qa4+ $19) 25... Rf8 26. h5 Qa5 27. Nc3 Qxh5
28. Qxb7 Re8
{As brancas enfrentam um grande
apuro de tempo aqui, e as pretas estao esperando passar o controle de tempo
para iniciar um plano ativo.}
29. Kb1 Bb6 30. Ka2 Qf5 31. Kb3 Re3 32. Qd5 Re5 33. Qd6 Rc5 34. Qe7 Rc8 35. Qd6
Re8 36. Qd5 Qg6 37. Ka2 Re3 38. Qa8+ Kh7 39. Qd5 Re6 40. Qd2
{As brancas nao completaram o controle e perderam por tempo.
Evidentemente a posicao preta deve estar ganha, mas as brancas poderiam
imprimir uma defesa bastante teimosa.}
0-1

[Event "GM Tournament"]
[Site "Biel SUI"]
[Date "2004.07.29"]
[Round "10"]
[White "Morozevich, Alexander"]
[Black "Ponomariov, Ruslan"]
[Result "1/2-1/2"]
[WhiteElo "2743"]
[BlackElo "2722"]
[Annotator "Mikhail Golubev e Alex Baburin (www.chesstoda"]
[PlyCount "81"]
[EventDate "2004.07.19"]
[Source "Chess Today"]
[SourceDate "2004.07.30"]

1. e4 e5 2. Nf3 Nc6 3. Bb5 a6 4. Ba4 Nf6 5. O-O Nxe4
{A Variante Aberta
da Ruy Lopez. As pretas atrasam o seu desenvolvimento, mas tomar um Peao
central geralmente compensa isto. Evidentemente as pretas nao esperam
continuar com o Peao a mais, entretanto as brancas gastarao algum tempo para
recupera-lo. O jogo nesta linha fica muito diferente da maioria das linhas
fechadas que surgem apos 5...Be7 (com excecao para o Ataque Marschall!).
Korchnoi e Yussupov sao dois grandes especialistas nesta variante para as
pretas.}
6. d4
{Naturalmente - as brancas querem abrir o centro enquanto o Rei
inimigo ainda esta la.}
6... b5 7. Bb3 d5 8. dxe5 ({
As brancas raramente tomam e5 com o Cavalo -} 
8. Nxe5 Nxe5 9. dxe5 c6 {deixa as pretas com um jogo confortavel.}) 8... Be6
9. Nbd2 ({A linha} 9. Qe2
{seguido por Td1 ja foi popular, mas esta fora de moda atualmente}) (
{
provavelmente a linha principal e} 9. c3
{
a qual as pretas podem optar pelo solido} 9... Be7 ({e o mais arrojado} 
9... Bc5)) 9... Nc5 10. c3 d4 11. Ng5 $1
{Um novo aparecimento do sacrificio de
Igor Zaitsev, que foi introduzido na decima partida do match Karpov - Korchnoi
1978, Baguio.} (
{O lance} 11. Bxe6 Nxe6 12. cxd4
{foi testado muitas
vezes entre Karpov e Korchnoi. A moderna teoria acredita que as pretas estao
bem aqui.})
11... Qxg5 ({Duvidoso e} 11... Bd5 $6 12. Nxf7 $1
{com ataque,
como na partida Svidler-Anand, Dos Hermanas 1999 (nesta partidas as brancas
aceitaram empate em um final ganho)}) (
{a continuacao} 11... dxc3 12. Nxe6 fxe6 13. bxc3 Qd3
{sofreu um profundo golpe na famosa decima partida do match
Kasparov-Anand, Nova Iorque 1995:}
14. Bc2 $1 (
{
na sexta partida Kasparov seguiu a citada partida Karpov-Korchnoi com} 
14. Nf3) 14... Qxc3 15. Nb3 $1 {(Tal)} 15... Nxb3 16. Bxb3 Nd4 17. Qg4 $1 Qxa1
18. Bxe6 $1 Rd8 19. Bh6 $1 {, etc.}) 12. Qf3 O-O-O $1
{
Devolvendo o Cavalo, mas colocando o Rei em seguranca.} (
{
Nada bonito para as pretas seria} 12... Bd7 $6 13. Bxf7+ Ke7 14. Bd5
{, etc.}) ({e tambem nao} 12... Kd7 $6 13. Bd5 $1 $16) 13. Bxe6+ fxe6 14. Qxc6
Qxe5 15. b4 ({O arriscado} 15. cxd4 Qxd4 16. b4 Qxb4 17. a4
{
foi testado em Ehlvest-Korneev, Reykjavik 2004. Depois de} 17... Bd6 $1
{
as pretas conseguem se defender.}) 15... Qd5 $1
{
Atualmente o contra sacrificio de Smyslov e a principal esperanca preta aqui.} (
{O lance} 15... dxc3 $2 16. bxc5 cxd2 17. Qxa6+
{
deixa as brancas com um forte ataque.}) 16. Qxd5 exd5 17. bxc5 dxc3
{
As pretas possuem apenas dois Peoes pelo Cavalo, mas eles oferecem um grande
perigo para as brancas.}
18. Nb3 d4 19. Ba3 g6 ({
Outra versao, menos testada, da mesma ideia e} 
19... Be7 20. Bb4 Bf6 21. a4
{
(como em Timman - Smyslov, Bad Lauterberg 1979) e agora} 21... d3 $5)
20. Bb4 Bg7 21. a4 d3 $1 ({Esta e uma importante melhora da sequeencia} 
21... Kd7 22. axb5 axb5 23. Rfd1 $1 Ke6 24. Rac1 $1 $16
{Kasparov-Shirov, Linares
2001. Talvez Ruslan tenha preparado esta linha para enfrentar Garry.})
22. axb5 d2 $1 ({E nao} 22... axb5 $2 23. c6 $1
{e o Rei preto enfrenta problemas.
}) 23. bxa6 ({Se} 23. c6 {as pretas jogam}
23... Kb8 $1 {e tambem esperam.}) 23... c2 24. Nxd2 ({Inferior e} 24. Bxd2 $2
Bxa1 25. Rxa1 Rd3 $1) 24... Bxa1 25. Rxa1 Rhe8 ({Depois de} 25... Rd4 $2
26. Bc3
{, as pretas
nao podem seguir com 26...Td3 - esta e uma das "pequenas" diferencas entre as
linhas 19...Be7 e 19...g6.})
26. Rc1 (
{Isto leva a um empate. Tanto 26.c6 Rb8!
quanto 26.f3 Td4! tambem satisfazem as pretas. A real tentativa e} 
26. a7 $1 Kb7 27. a8=Q+ Rxa8 28. Rc1
{(empate, Delchev-Gyimesi, Nova Gorica 2004).
De acordo com as complicadas analises do GM Delchev no Informador 99 (EE), as
pretas devem ser capazes de manter o equilibrio apos}
28... Ra2 29. Kf1 $1 Kc6 30. f3 $1 Kb5 31. Bc3 Kxc5 32. Kf2 Kb5 $1 {, etc.})
26... Re4 27. Bc3 Rc4 $1 28. Rxc2 Rd3 $1 29. Rb2 $1
{A melhor resposta
branca - de outra maneira elas poderiam ficar ate mesmo inferiores.}
29... Rcxc3 30. a7 Ra3 31. Rb8+ Kd7 32. a8=Q Rxa8 33. Rxa8 Rxd2 $11
{O empate e
inevitavel. As brancas nao vao levar mate em um lance, no entanto elas nao
conseguem fazer muita coisa com o seu Peao extra.}
34. g4 Kc6 35. Kg2 Kxc5 36. Kg3 Rd7 37. f4 Kd4 38. Ra1 Rf7 39. Rd1+ Ke3
40. Re1+ Kd4 41. Rd1+ 1/2-1/2

[Event "GM Tournament"]
[Site "Biel SUI"]
[Date "2004.07.26"]
[Round "7"]
[White "Sasikiran, Krishnan"]
[Black "Ponomariov, Ruslan"]
[Result "1-0"]
[WhiteElo "2666"]
[BlackElo "2722"]
[Annotator "MI Vladimir Barsky"]
[PlyCount "65"]
[EventDate "2004.07.19"]
[Source "Chess Today"]
[SourceDate "2004.07.31"]

1. d4 d5 2. c4 c6 3. Nf3 Nf6 4. Nc3 e6 5. Bg5 h6 6. Bh4 dxc4 7. e4 g5 8. Bg3
b5 9. Be2 Bb7 10. Ne5 ({A principal alternativa aqui e} 10. h4 {
por exemplo:}
10... g4 11. Ne5 h5 (11... Rg8 12. Nxg4 Nbd7 13. Nxf6+ Nxf6 14. Bf3 a6 15. O-O
Qb6 16. Ne2 O-O-O $13 {
Riazantsev-Shumiakina, Voronezh Open, 2004.}) 12. f3
Nbd7 13. fxg4 Nxe5 14. Bxe5 hxg4 15. Bxg4 Rh6 16. h5 Qa5 $13
{
Beliavsky-Kobalia, Campeonato Mundial da FIDE, Tripoli 2004}) 10... Bg7 (
{
Outros lances populares sao} 10... Nbd7) ({e} 10... h5) 11. f4 $5
{
Isto e uma novidade, antes as brancas jogavam 11.0-0 ou} (11. h4
{
o qual o proprio Sasikiran ja tentou:} 11... Nbd7 12. hxg5 hxg5 13. Rxh8+
Bxh8 14. Qc2 Nxe5 15. Bxe5 Qa5 16. Kf1 O-O-O 17. Kg1 Nd7 $132
{Sasikiran-Rames
h, Nagpur 2002. A principal ideia do lance do texto e evidente: as brancas
querem abrir a coluna "f" ao inves da "h", com o intuito de atacar o Cavalo f6
e o ponto fraco f7.})
11... Nfd7 $6
{
Um lance muito arriscado, pois as pretas provocam um sacrificio de peca.} (
{
O jogo deve ficar menos forcado apos} 11... Nbd7 12. O-O) 12. Nxf7 $5 Kxf7
13. Bh5+ Ke7 (
{Muitas linhas complicadas (que foram preparadas por
Sasikiran em casa, eu suponho) surgem apos} 
13... Kg8 {por exemplo:} 14. O-O $5 (14. Qg4 $6 Qe7 15. O-O-O Nf6 $17)
14... Qb6 (14... b4 15. fxg5 $5) 15. e5 c5 16. d5 exd5 17. fxg5 $44
{
Ruslan decidiu que a ala da Dama sera um refugio seguro para o seu Rei.})
14. e5 Qb6 (14... c5 15. d5) (14... b4 15. Ne4 c5 16. Nd6 Bxg2 17. Rg1 $44)
15. fxg5 Kd8 (15... hxg5 16. Qg4 Bh6 17. Rf1 $5 (17. O-O) (17. O-O-O)) 16. Qg4
Bxe5 $5
{As pretas devem fazer algo com o Peao central branco, por isso
Ponomariov decidiu devolver a peca extra.} (
{O lance} 16... c5 $6 {
parece duvidoso em vista do simples} 17. O-O-O cxd4
18. Rxd4 Nc6 19. Rxd7+ $1 Kxd7 20. Rd1+ Kc8 21. Qxe6+ Kb8 22. Nd5
{com ataque decisivo.}) 17. dxe5 Qe3+ 18. Qe2 (18. Ne2 $6 Nxe5 19. Bxe5 Qxe5
20. O-O-O+ Nd7 $11) 18... Qxe2+ 19. Bxe2
{Este final e favoravel as brancas porque as pretas ainda
possuem problemas com o desenvolvimento e o seu Rei nao esta em um local
seguro ate agora.}
19... Na6 (19... hxg5 20. Ne4 $16 Rg8 $2 21. Nxg5 $1) 20. Ne4 (
{Tambem era bom} 20. gxh6) 20... Nac5 21. Nxc5 Nxc5 22. O-O-O+ Kc7 (22... Ke7
23. Bh4 $18) 23. Rhf1 $1 hxg5 (23... Raf8 24. Rxf8 Rxf8 25. gxh6 $18) 24. Rf7+
Kb6 25. Bf2 $1
{Esta cravada decide a partida. Agora as
brancas ameacam 26.Txb7+ Rxb7 27.Bxc5, por isso as pretas precisam defender o
Bispo de b7.}
25... Rab8 26. b4 $1 cxb3 27. axb3 a5 28. Rd2
{Muitas vezes
uma simples ameaca e a mais perigosa de todas. As pretas nao podem evitar
Td2-c2.}
28... Rhf8 29. Rf6 Rfd8 30. Rc2 Rd5 31. Rxe6 Bc8 32. Re8 g4 33. h4 $1 1-0